Simposio Internacional "Patrimonio y desarrollo" : Informe Final y II Seminario Taller sobre inventario y registro de bienes culturales: Informe Final
محفوظ في:
| التنسيق: | غير معروف |
|---|---|
| اللغة: | Spanish |
| الموضوعات: | |
| الوسوم: |
إضافة وسم
لا توجد وسوم, كن أول من يضع وسما على هذه التسجيلة!
|
MARC
| LEADER | 000000000a22000000004500 | ||
|---|---|---|---|
| 001 | 007718 | ||
| 041 | 0 | |a spa | |
| 245 | 0 | 0 | |a Simposio Internacional "Patrimonio y desarrollo" : |b Informe Final y II Seminario Taller sobre inventario y registro de bienes culturales: Informe Final |
| 310 | |a Semestral | ||
| 650 | 4 | |a PATRIMONIO CULTURAL | |
| 773 | 0 | |d San José, Costa Rica : Editorial de la Universidad de Costa Rica |t Herencia |g volumen 1, número 2 (1989), páginas 19 | |
| 942 | |c ARC | ||
| 999 | |c 14596 |d 14596 | ||
